000 00750nam a2200241Ia 4500
003 OSt
005 20240429102854.0
008 210716s2010 xx 000 0 und d
020 _a9780070702349
040 _cAIMIT LIBRARY
041 _aeng
082 _a005.712
_bOPPA
100 _aOppel, Andy.
_9162434
245 _aData modeling :
_bbeginners guide /
_cBy Andy Oppel.
250 _a1st ed.
260 _aNew Delhi :
_bTata McGraw-Hill ,
_c2010.
300 _axxiii,338 p.;
_bPB
_c25 cm.
650 _aIntroduction to data modeling
_9162435
650 _aRelational model components
_9162436
650 _aData modeling details
_9162437
650 _aAlternatives for handling temporal data
_9162438
942 _2ddc
_cBK
_e1st
_k005.712 OPPA
999 _c190935
_d190935